Least Linguistically Diverse Countries in the World - Statistics

General Stats
  • This quiz has been taken 46 times
  • The average score is 4 of 10
Answer Stats
Hint Answer % Correct
0.28% South Korea
88%
1.78% Japan
86%
0.21% North Korea
83%
0.80% Yemen
38%
1.98% Portugal
36%
1.24% Tunisia
26%
1.03% Comoros
14%
1.11% Samoa
14%
1.75% Saint Vincent and the Grenadines
5%
1.93% Colombia
0%
No matching quizzes found
Score Distribution
Percent of People with Each Score
Percentile by Number Answered
Your Score History
You have not taken this quiz